000 01270nam a2200313 a 4500
001 000112983
003 CHAP
005 20250613132358.0
008 170307s2016 mx sm |||||||spa d
010 _a109444
011 _a110416
040 _cCHAP
090 _aTesis
100 1 _aLuquez Gaitan, Carlos Ernesto
_9131675
245 1 0 _aAnálisis de la cadena de valor de la producción de piña en Ticuantepe, Managua, Nicaragua
_h[En línea]
_cpor Carlos Ernesto Luquez Gaitan.
260 _aChapingo, Méx. :
_bEl autor,
_c2016.
500 _aPara ver el contenido del material haga clic en la liga
502 _aTesis (M.C. en Economía Agrícola y de los Recursos Naturales ) -- UACH. División de Ciencias Económico Administrativas
590 _aE5765TAJ
_b05
_c20170307
_lUCH01
_h1124
590 _aE5765TAJ
_b05
_c20170307
_lUCH01
_h1124
650 1 2 _aPiña (Ananas comosus)
_xAspectos económicos
_zNicaragua
_9131678
650 1 2 _aPiña (Ananas comosus)
_xProducción
_zNicaragua
_9131676
650 1 2 _aPiña (Ananas comosus)
_xRendimiento
_zNicaragua
_9131677
650 1 2 _aPiña (Ananas comosus)
_zRedes de valor
_9131679
856 _aFinding aid
_uhttp://10.13.5.2/tesis/sist112983.pdf
_zTeclea aquí
901 _aBK
942 _cTESIS
942 _n0
999 _c109444
_d109444